贵州省地图点选 Guizhou Click Map - Statistics

General Stats
  • This quiz has been taken 26 times
  • The average score is 8 of 9
Answers on the Map
Answers color-coded by a green-red scale on the quiz's map according to % correct below.
 
Answer Stats
Answer % Correct
贵阳市
100%
遵义市
100%
铜仁市
100%
六盘水市
93%
安顺市
93%
毕节市
87%
黔东南苗族侗族自治州
87%
黔西南布依族苗族自治州
80%
黔南布依族苗族自治州
80%
No matching quizzes found
Score Distribution
Percent of People with Each Score
Percentile by Number Answered
Your Score History
You have not taken this quiz